LEADER 04521nam 22008292 450 001 9910780073103321 005 20151005020623.0 010 $a1-107-11711-9 010 $a1-280-16203-1 010 $a0-511-11765-5 010 $a0-511-15574-3 010 $a0-511-30397-1 010 $a0-511-48311-2 010 $a0-511-04804-1 035 $a(CKB)111056485650384 035 $a(EBL)202335 035 $a(OCoLC)475917666 035 $a(SSID)ssj0000193199 035 $a(PQKBManifestationID)11196897 035 $a(PQKBTitleCode)TC0000193199 035 $a(PQKBWorkID)10218986 035 $a(PQKB)10287529 035 $a(UkCbUP)CR9780511483110 035 $a(MiAaPQ)EBC202335 035 $a(Au-PeEL)EBL202335 035 $a(CaPaEBR)ebr10006828 035 $a(CaONFJC)MIL16203 035 $a(EXLCZ)99111056485650384 100 $a20090224d2002|||| uy| 0 101 0 $aeng 135 $aur||||||||||| 181 $ctxt$2rdacontent 182 $cc$2rdamedia 183 $acr$2rdacarrier 200 10$aLiterature, partition and the nation-state $eculture and conflict in Ireland, Israel and Palestine /$fJoe Cleary$b[electronic resource] 210 1$aCambridge :$cCambridge University Press,$d2002. 215 $a1 online resource (xii, 259 pages) $cdigital, PDF file(s) 225 1 $aCultural margins ;$v10 300 $aTitle from publisher's bibliographic system (viewed on 05 Oct 2015). 311 $a0-521-65732-6 311 $a0-521-65150-6 320 $aIncludes bibliographical references (p. 226-250) and index. 327 $aIreland, Palestine and the antinomies of self-determination in 'the badlands of modernity' -- Estranged states: national literatures, modernity and tradition, and the elaboration of partitionist identities -- 'Fork-tongued on the border bit': partition and the politics of form in contemporary narratives of the Northern Irish conflict -- Agonies of the potentates: journeys to the frontier in the novels of Amos Oz -- The meaning of disaster: the novel and the stateless nation in Ghassan Kanafani's Men in the Sun. 330 $aThe history of partition in the twentieth century is one steeped in controversy and violence. Literature, Partition and the Nation State offers an extended study of the social and cultural legacies of state division in Ireland and Palestine, two regions where the trauma of partition continues to shape political events to this day. Focusing on the period since the 1960s, when the original partition settlements in each region were challenged by Irish and Palestinian nationalists, Joe Cleary's book contains individual chapters on nationalism and self-determination; on the construction of national literatures in the wake of state division; and on influential Irish, Israeli and Palestinian writers, film-makers and public intellectuals. Cleary's book is a radical and enthralling intervention into contemporary scholarship from a range of disciplines on nations and nationalism. It will be of interest to scholars in Cultural and Post-Colonial Studies, Nations and Nationalism, Irish Literature, Middle East Studies and Modern History. 410 0$aCultural margins ;$v10. 517 3 $aLiterature, Partition & the Nation-State 606 $aEnglish literature$xIrish authors$xHistory and criticism 606 $aMiddle Eastern literature$y20th century$xHistory and criticism 606 $aNationalism$xHistory$y20th century 606 $aLiterature and state$xHistory$y20th century 606 $aComparative literature$xIrish and Middle Eastern 606 $aComparative literature$xMiddle Eastern and Irish 606 $aImperialism in literature 606 $aColonies in literature 607 $aPalestine$xHistory$yPartition, 1947 607 $aIreland$xHistory$yPartition, 1921 615 0$aEnglish literature$xIrish authors$xHistory and criticism. 615 0$aMiddle Eastern literature$xHistory and criticism. 615 0$aNationalism$xHistory 615 0$aLiterature and state$xHistory 615 0$aComparative literature$xIrish and Middle Eastern. 615 0$aComparative literature$xMiddle Eastern and Irish. 615 0$aImperialism in literature. 615 0$aColonies in literature. 676 $a820.9/9417 700 $aCleary$b Joe$g(Joseph N.),$01518007 801 0$bUkCbUP 801 1$bUkCbUP 906 $aBOOK 912 $a9910780073103321 996 $aLiterature, partition and the nation-state$93755332 997 $aUNINA LEADER 02567nam 2200613Ia 450 001 9910778487103321 005 20230620165904.0 010 $a1-282-31227-8 010 $a9786612312274 010 $a90-272-8934-4 035 $a(CKB)1000000000799559 035 $a(OCoLC)649900848 035 $a(CaPaEBR)ebrary10335313 035 $a(SSID)ssj0000287883 035 $a(PQKBManifestationID)11192856 035 $a(PQKBTitleCode)TC0000287883 035 $a(PQKBWorkID)10371995 035 $a(PQKB)11264152 035 $a(MiAaPQ)EBC622207 035 $a(Au-PeEL)EBL622207 035 $a(CaPaEBR)ebr10335313 035 $a(CaONFJC)MIL231227 035 $a(OCoLC)492092539 035 $a(EXLCZ)991000000000799559 100 $a20090318h20092009 uy 0 101 0 $aeng 135 $aurcn||||||||| 181 $ctxt$2rdacontent 182 $cc$2rdamedia 183 $acr$2rdacarrier 200 14$aThe acquisition of word order $emicro-cues, information structure, and economy /$fMarit Westergaard 210 1$aPhiladelphia ;$aAmsterdam :$cJohn Benjamins Pub. Company,$d2009. 210 4$aŠ2009 215 $a1 online resource (xii, 245 pages) $cillustrations 225 0 $aLinguistik aktuell/linguistics today,$x0166-0829 ;$vv. 145 300 $aBibliographic Level Mode of Issuance: Monograph 311 0 $a90-272-5528-8 320 $aIncludes bibliographical references and index. 327 $aAcknowledgements -- Preliminaries -- Word order variation and the structure of the target language -- The syntax of V2 and a model of micro-cues -- The input -- The acquisition of word order in non-subject-initial declaratives -- The acquisition of word order in subject-initial declaratives -- The acquisition of word order in wh-questions -- The acquisition of word order in yes/no-questions -- The acquisition of word order in non-V2 contexts -- Micro-cues, information structure, and economy -- References -- Appendix -- Index. 606 $aNorwegian language$xWord order 606 $aNorwegian language$xAcquisition 606 $aGrammar, Comparative and general$xWord order 615 0$aNorwegian language$xWord order. 615 0$aNorwegian language$xAcquisition. 615 0$aGrammar, Comparative and general$xWord order. 676 $a439.8/282421 700 $aWestergaard$b Marit R$g(Marit Richardsen)$01579606 801 0$bMiAaPQ 801 1$bMiAaPQ 801 2$bMiAaPQ 906 $aBOOK 912 $a9910778487103321 996 $aThe acquisition of word order$93859805 997 $aUNINA